| 000 | 00405nam a2200157 a 4500 | ||
|---|---|---|---|
| 005 | 20140310183208.0 | ||
| 008 | 030207s19uu xx 00 eng d | ||
| 050 |
_aPZ 7 _b.M936 1971 |
||
| 100 | _aMowat, Farley | ||
| 245 |
_aThe Dog who wouldn't be / _cFarley Mowat. |
||
| 260 |
_aNew York : _bPyramid, _c1968. |
||
| 300 |
_a160 p. : _c17 cm. |
||
| 650 | _aFiction | ||
| 942 |
_cBK _2lcc |
||
| 999 |
_c20057 _d20057 |
||